| 000 | 00377nam a22001457a 4500 | ||
|---|---|---|---|
| 020 | _qPB. | ||
| 040 | _cFIZZA ISHAQ | ||
| 082 |
_a624.1762 _bNIH |
||
| 100 |
_aPATRA,RANJAN NIHAR. _9110283 |
||
| 245 |
_aGROUND IMPROVEMENT TECHNIQUES / _cNIHAR RANJAN PATRA. |
||
| 250 | _a1ST ED. | ||
| 260 |
_aNEW DELHI ; _bVIKAS PUBLISHING, _c2012. |
||
| 300 | _a328 P. ; | ||
| 942 |
_2ddc _cBK |
||
| 999 |
_c593721 _d593721 |
||